Tensor analysis

Saved in:
Bibliographic Details
Main Author: Nelson, Edward (Author)
Format: Book
Language:English
Published: Princeton Princeton University 1967
Subjects:
Tags: Add Tag
No Tags, Be the first to tag this record!

MARC

LEADER 00000nam a2200000 a 4500
001 UCQ8807
003 CL-VaPUC
008 981217e19670000us |||||||||||||||||eng|d
082 0 4 |a 515.63  |b NEL  |2 21 
100 |a Nelson, Edward  |e author  |9 430181 
245 1 0 |a Tensor analysis 
300 |a 127 p 
942 |c BK 
945 |d 19981217 00:00:00  |a crobeson 
260 |a Princeton  |b Princeton University  |c 1967 
650 0 |a Análisis tensorial   |9 423039 
650 0 |a Cálculo tensorial  |9 423040 
583 |a last modification  |c 20171205 04:58:35  |k Rodrigo Vera 
999 |c 277982  |d 277980 
952 |0 0  |1 0  |4 0  |6 515_630000000000000_NEL_1967  |7 0  |8 A  |9 316289  |a BIBMAT  |b BIBMAT  |d 2019-11-20  |i 1305255  |o 515.63 NEL 1967  |p 1305255  |r 2025-01-07  |w 2019-11-20  |y BK  |k MAT